[Event "MCR mladeze 2014, D10"]
[Site "Kouty nad Desnou"]
[Date "2014.03.12"]
[Round "6"]
[White "Habinova, Alice"]
[Black "Pisova, Petra"]
[Result "0-1"]
[WhiteElo "1100"]
[BlackElo "1233"]
[PlyCount "94"]
[EventDate "2014.03.08"]

1. e4 e5 2. Nf3 Nf6 3. Nxe5 d6 4. Nf3 Nxe4 5. d4 d5 6. Bd3 Qe7 7. Be3 Qb4+ 8.
Nbd2 Nc6 9. O-O Nxd2 10. Qxd2 Qxb2 11. Rfb1 Qa3 12. Rb3 Qd6 13. Re1 Be7 14. Bg5
f6 15. Bh4 Bg4 16. Be2 O-O-O 17. Reb1 b6 18. Ba6+ Kb8 19. h3 Bf5 20. Bg3 Qd7
21. a4 Ka8 22. Rb5 Nb8 23. Nh4 Nxa6 24. Nxf5 Qxf5 25. Qe2 Qe4 26. Qd2 Bd6 27.
Bxd6 Rxd6 28. R5b3 Rc6 29. Re1 Qxc2 30. Qxc2 Rxc2 31. Rbe3 Nb4 32. Re8+ Rxe8
33. Rxe8+ Kb7 34. Re7 Rc1+ 35. Kh2 Rd1 36. Rxg7 Rxd4 37. Rxh7 Rf4 38. f3 d4 39.
h4 d3 40. h5 d2 41. Rd7 Rh4+ 42. Kg3 Rxh5 43. Rxd2 c5 44. f4 c4 45. Rd1 c3 46.
Rc1 c2 47. Kg4 Rd5 0-1

[Event "MCR mladeze 2014, D10"]
[Site "Kouty nad Desnou"]
[Date "2014.03.12"]
[Round "6"]
[White "Michalkova, Viktorie Nela"]
[Black "Ruzickova, Ema"]
[Result "0-1"]
[WhiteElo "1100"]
[BlackElo "1116"]
[PlyCount "68"]
[EventDate "2014.03.08"]

1. e4 e5 2. Nf3 Nc6 3. Bc4 Nf6 4. d3 Bc5 5. Bg5 O-O 6. Nc3 Bb4 7. a3 Bxc3+ 8.
bxc3 d6 9. h3 h6 10. Bh4 Re8 11. O-O Qe7 12. Rb1 b6 13. Rb5 Be6 14. Bb3 Bxb3
15. cxb3 Qe6 16. d4 a6 17. d5 Qd7 18. Rb4 Nxb4 19. cxb4 c6 20. dxc6 Qe6 21. Qc2
Rac8 22. Rc1 Red8 23. c7 Rd7 24. Nd2 Rcxc7 25. Nc4 d5 26. f4 exf4 27. e5 dxc4
28. Re1 cxb3 29. Qxb3 Qxb3 30. exf6 gxf6 31. Bxf6 Qg3 32. Re8+ Kh7 33. Rh8+ Kg6
34. Be5 Rc1# 0-1

[Event "MCR mladeze 2014, D10"]
[Site "Kouty nad Desnou"]
[Date "2014.03.12"]
[Round "6"]
[White "Kovarova, Sasa"]
[Black "Ruzickova, Aneta"]
[Result "0-1"]
[WhiteElo "1000"]
[BlackElo "1083"]
[PlyCount "42"]
[EventDate "2014.03.08"]

1. e4 e5 2. Nf3 Nc6 3. Bc4 Bc5 4. d3 Nf6 5. Ng5 O-O 6. O-O h6 7. Nf3 d6 8. Nfd2
Bg4 9. Nf3 Nd4 10. Nbd2 Bb4 11. c3 Bc5 12. cxd4 Bxd4 13. Nb3 Bb6 14. Bd2 Nh7
15. Ba5 Bxa5 16. Nxa5 Ng5 17. Nxb7 Qe7 18. Qe2 Nxf3+ 19. gxf3 Bh3 20. Rfe1 Qg5+
21. Kh1 Qg2# 0-1

[Event "MCR mladeze 2014, D10"]
[Site "Kouty nad Desnou"]
[Date "2014.03.12"]
[Round "6"]
[White "Muzikarova, Magdalena"]
[Black "Zachova, Tereza"]
[Result "0-1"]
[WhiteElo "1000"]
[BlackElo "1059"]
[PlyCount "28"]
[EventDate "2014.03.08"]

1. e4 e5 2. Nf3 Nc6 3. Bc4 Nf6 4. d4 Nxe4 5. dxe5 Bc5 6. O-O d6 7. exd6 Bxd6 8.
Be3 Bg4 9. Qc1 Qf6 10. Bg5 Qg6 11. Nc3 Bxf3 12. Re1 Qh5 13. Nxe4 Qxh2+ 14. Kf1
Qh1# 0-1

[Event "MCR mladeze 2014, D10"]
[Site "Kouty nad Desnou"]
[Date "2014.03.13"]
[Round "7"]
[White "Dvorakova, Olga"]
[Black "Lhotska, Anna"]
[Result "1-0"]
[WhiteElo "1245"]
[BlackElo "1160"]
[PlyCount "133"]
[EventDate "2014.??.??"]

1. e4 e5 2. Bc4 Nf6 3. d3 Nc6 4. Nc3 Bc5 5. Bg5 h6 6. Bh4 d6 7. Nge2 Be6 8. Bb3
Qe7 9. Qd2 O-O-O 10. O-O-O g5 11. Bg3 Ng4 12. Rhf1 h5 13. h3 Nh6 14. Na4 Bd4
15. c3 Bb6 16. Nxb6+ cxb6 17. Bxe6+ fxe6 18. f3 d5 19. Kb1 g4 20. Qe1 Qc5 21.
d4 exd4 22. Nxd4 Nxd4 23. cxd4 Qb5 24. Qc3+ Kd7 25. Qc7+ Ke8 26. Bh4 Qd7 27.
Bxd8 Qxd8 28. Qxd8+ Kxd8 29. hxg4 hxg4 30. exd5 exd5 31. Kc2 Nf5 32. Kd3 gxf3
33. gxf3 Rh3 34. Ke2 Rh2+ 35. Rf2 Ng3+ 36. Ke1 Rh1+ 37. Kd2 Rh4 38. Kc3 Rh3 39.
Rd3 Nh1 40. Rg2 Ng3 41. Kc2 Nh5 42. Rg8+ Kd7 43. Rh8 Rh2+ 44. Rd2 Rh3 45. Kd1
Rh1+ 46. Kc2 Rh3 47. Re2 Rh4 48. Re5 Rh2+ 49. Kc3 Rh3 50. Rxd5+ Kc6 51. Rdxh5
Rxf3+ 52. Kc4 Rf7 53. R8h6+ Kc7 54. Rh7 b5+ 55. Kxb5 a6+ 56. Kc5 b6+ 57. Kd5
Rd7+ 58. Rxd7+ Kxd7 59. Rh7+ Ke8 60. Kd6 b5 61. b4 Kf8 62. Ra7 Ke8 63. Rb7 a5
64. bxa5 b4 65. a6 b3 66. a7 b2 67. a8=R# 1-0

[Event "MCR mladeze 2014, D10"]
[Site "Kouty nad Desnou"]
[Date "2014.03.13"]
[Round "7"]
[White "Vavrinkova, Anna"]
[Black "Malkova, Adriana"]
[Result "1-0"]
[WhiteElo "1284"]
[BlackElo "1309"]
[PlyCount "55"]
[EventDate "2014.??.??"]

1. e4 c5 2. c3 d5 3. exd5 Qxd5 4. d4 Nf6 5. Nf3 e6 6. Be3 Ng4 7. Bd2 Be7 8. h3
Nf6 9. Be3 Qc6 10. Qb3 Nbd7 11. Ne5 Nxe5 12. Bb5 Bd7 13. Bxc6 Bxc6 14. dxe5 Bd5
15. c4 Ne4 16. cxd5 exd5 17. Qxb7 Rd8 18. f3 Ng3 19. Rh2 d4 20. Bd2 Rd7 21.
Qc8+ Rd8 22. Qc6+ Kf8 23. Na3 Nf5 24. Qc7 g6 25. Rc1 Kg7 26. g4 Ng3 27. Qxe7
Rb8 28. Qf6+ 1-0

[Event "MCR mladeze 2014, D10"]
[Site "Kouty nad Desnou"]
[Date "2014.03.13"]
[Round "7"]
[White "Fizerova, Lucie"]
[Black "Stastna, Martina"]
[Result "0-1"]
[WhiteElo "1160"]
[BlackElo "1119"]
[PlyCount "110"]
[EventDate "2014.??.??"]

1. e4 e5 2. Nf3 Nc6 3. Bb5 d6 4. O-O Nf6 5. Re1 a6 6. Ba4 b5 7. Bb3 Be7 8. c3
O-O 9. d4 Bg4 10. h3 Bh5 11. Bd5 Qd7 12. Bxc6 Qxc6 13. Nbd2 Rfe8 14. d5 Qd7 15.
Nf1 c6 16. dxc6 Qxc6 17. Ng3 Bg6 18. Qc2 Qc5 19. Be3 Qc7 20. Rad1 d5 21. Qb3
dxe4 22. Nh4 Qc4 23. Qxc4 bxc4 24. Nxg6 hxg6 25. Bg5 Rab8 26. Bxf6 Bxf6 27. Re2
Red8 28. Rxd8+ Rxd8 29. Nxe4 Kf8 30. Nxf6 gxf6 31. Kh2 Rd3 32. Re3 Rxe3 33.
fxe3 Ke7 34. Kg3 Ke6 35. Kf3 f5 36. Ke2 e4 37. b3 Kd5 38. bxc4+ Kxc4 39. Kd2 g5
40. g3 f4 41. exf4 gxf4 42. h4 fxg3 43. Ke2 Kxc3 44. Ke3 g2 45. Kf2 Kd2 46.
Kxg2 e3 47. Kf1 e2+ 48. Kf2 e1=Q+ 49. Kf3 Qxh4 50. Kg2 Qf4 51. Kh3 Qg5 52. Kh2
Qg4 53. Kh1 Ke2 54. Kh2 Kf2 55. Kh1 Qh5# 0-1

[Event "MCR mladeze 2014, D10"]
[Site "Kouty nad Desnou"]
[Date "2014.03.13"]
[Round "7"]
[White "Maresova, Micheala"]
[Black "Szuscikova, Natalie"]
[Result "1-0"]
[WhiteElo "1202"]
[BlackElo "1223"]
[PlyCount "113"]
[EventDate "2014.??.??"]

1. e4 e5 2. Nf3 Nc6 3. d4 exd4 4. Bc4 d6 5. h3 Nf6 6. O-O Be7 7. Re1 O-O 8. Bg5
Be6 9. Bb3 Qd7 10. Nbd2 h6 11. Bh4 b5 12. c3 dxc3 13. bxc3 Rfe8 14. Bxe6 fxe6
15. Qb3 Rab8 16. Rad1 b4 17. c4 Nh5 18. Bxe7 Rxe7 19. Nf1 Nf4 20. c5 Rb5 21.
cxd6 cxd6 22. e5 Qe8 23. exd6 Rd7 24. Nd4 Qg6 25. Ng3 h5 26. h4 Nxd4 27. Rxd4
Rf5 28. Qxb4 Rf6 29. Rxf4 Rxf4 30. Qxf4 Rf7 31. Qd4 Rd7 32. Ne4 Qf7 33. Rd1 Kf8
34. Nc5 Rd8 35. d7 a6 36. Nb7 Rxd7 37. Qxd7 Qxd7 38. Rxd7 Ke8 39. Rxg7 e5 40.
Kf1 e4 41. Nd6+ Kd8 42. Nxe4 Ke8 43. Ke2 a5 44. Kd3 a4 45. Kc3 a3 46. Kb3 Kf8
47. Rb7 Ke8 48. Kxa3 Kd8 49. Kb4 Kc8 50. Rh7 Kb8 51. a4 Ka8 52. a5 Kb8 53. a6
Ka8 54. Kb5 Kb8 55. Kb6 Kc8 56. a7 Kd8 57. a8=R# 1-0

[Event "MCR mladeze 2014, D10"]
[Site "Kouty nad Desnou"]
[Date "2014.03.13"]
[Round "7"]
[White "Ruzickova, Ema"]
[Black "Vsetulova, Viktorie"]
[Result "0-1"]
[WhiteElo "1116"]
[BlackElo "1241"]
[PlyCount "120"]
[EventDate "2014.03.08"]

1. e4 e5 2. Nf3 Nc6 3. Nc3 Nf6 4. Bb5 d6 5. d3 Be7 6. O-O Bg4 7. Bxc6+ bxc6 8.
Bg5 O-O 9. Qe2 d5 10. Bxf6 Bxf6 11. Rad1 Re8 12. Rde1 Qd6 13. Qe3 d4 14. Qe2
dxc3 15. bxc3 Rad8 16. Qe3 c5 17. c4 Re6 18. Ng5 Bxg5 19. Qxg5 Rg6 20. Qh4 Bf3
21. g3 Rh6 22. Qg5 Rh5 23. Qe3 Qf6 24. g4 Rxh2 25. Qxf3 Qxf3 26. Kxh2 Rd6 27.
g5 Qh5+ 28. Kg3 Qxg5+ 29. Kf3 Qf4+ 30. Ke2 Rf6 31. f3 Rh6 32. Rf2 Rh2 33. Kf1
Rxf2+ 34. Kxf2 Qh2+ 35. Kf1 Qg3 36. Ke2 Qg2+ 37. Ke3 h5 38. Re2 Qg1+ 39. Kd2 h4
40. Re1 Qg2+ 41. Re2 Qg5+ 42. Kd1 h3 43. Re1 h2 44. Ke2 Qg2+ 45. Ke3 h1=Q 46.
Rxh1 Qxh1 47. f4 exf4+ 48. Kxf4 Qh5 49. e5 f6 50. e6 Qe5+ 51. Kg4 Qxe6+ 52. Kf4
Qe5+ 53. Kg4 g6 54. Kh4 Qg5+ 55. Kh3 Kf7 56. a4 Ke6 57. a5 Kf5 58. Kh2 Kf4 59.
Kh1 Kf3 60. Kh2 Qg2# 0-1

[Event "MCR mladeze 2014, D10"]
[Site "Kouty nad Desnou"]
[Date "2014.03.13"]
[Round "7"]
[White "Pisova, Petra"]
[Black "Korenova, Karolina"]
[Result "1-0"]
[WhiteElo "1233"]
[BlackElo "1256"]
[PlyCount "55"]
[EventDate "2014.03.08"]

1. e4 e5 2. Nf3 Nc6 3. Nc3 Nf6 4. Bb5 Nd4 5. d3 Bb4 6. Bc4 d6 7. O-O Bg4 8. Bg5
h6 9. Bxf6 gxf6 10. Bxf7+ Kxf7 11. Nxe5+ dxe5 12. Qxg4 Qg8 13. Qd7+ Be7 14. Nb5
Nxb5 15. Qxb5 Qc8 16. f4 exf4 17. Rxf4 c6 18. Qh5+ Kf8 19. Raf1 Qe6 20. Qg6 Qf7
21. Rxf6 Bxf6 22. Rxf6 Rh7 23. Rxf7+ Rxf7 24. Qxh6+ Ke7 25. h3 Rf6 26. Qg7+ Rf7
27. Qc3 c5 28. d4 1-0

[Event "MCR mladeze 2014, D10"]
[Site "Kouty nad Desnou"]
[Date "2014.03.13"]
[Round "7"]
[White "Garska, Lenka"]
[Black "Habinova, Alice"]
[Result "1/2-1/2"]
[WhiteElo "1273"]
[BlackElo "1100"]
[PlyCount "47"]
[EventDate "2014.03.08"]

1. e4 c5 2. Nf3 d6 3. d4 cxd4 4. Nxd4 Nf6 5.
Nc3 e6 6. Bd2 Nc6 7. Nxc6 bxc6 8. Bd3 Be7 9. O-O O-O 10. Qf3 Bd7 11. Qg3 g6 12.
Bh6 Re8 13. e5 dxe5 14. Qxe5 Nh5 15. Be2 Bf6 16. Qe3 e5 17. Bxh5 gxh5 18. Qg3+
Kh8 19. h4 Rg8 20. Qf3 Bxh4 21. Qxf7 Be8 22. Qc4 Rg6 23. Qc5 Bf7 24. Be3
1/2-1/2

[Event "MCR mladeze 2014, D10"]
[Site "Kouty nad Desnou"]
[Date "2014.03.13"]
[Round "7"]
[White "Dudova, Pavlina"]
[Black "Kovarova, Sasa"]
[Result "1-0"]
[WhiteElo "1047"]
[BlackElo "1000"]
[PlyCount "89"]
[EventDate "2014.03.08"]

1. e4 e5 2. Nf3 Nc6 3. Bb5 Bc5 4. Nxe5 Nxe5 5. d4 Bb4+ 6. c3 Bd6 7. dxe5 Bxe5
8. Nd2 c6 9. Bc4 b5 10. Bb3 a5 11. Nf3 Bc7 12. O-O a4 13. Bc2 Nf6 14. Bg5 Bd6
15. Qxd6 h6 16. Bxf6 gxf6 17. e5 f5 18. Bxf5 Qe7 19. Qxe7+ Kxe7 20. b3 axb3 21.
axb3 Ba6 22. Ra2 Ra7 23. Rfa1 Rha8 24. Bd3 f6 25. exf6+ Kxf6 26. c4 Rb8 27.
Rxa6 Rab7 28. Ra7 Rxa7 29. Rxa7 Rd8 30. cxb5 cxb5 31. Bxb5 d6 32. Ra6 Ke6 33.
Bc4+ Ke7 34. Ra5 Kf6 35. g4 Kg6 36. Kg2 h5 37. gxh5+ Kg7 38. Kg3 Kh8 39. Kg4
Rg8+ 40. Bxg8 Kxg8 41. b4 Kf7 42. b5 Ke6 43. b6 d5 44. b7 Kd7 45. b8=Q 1-0

[Event "MCR mladeze 2014, D10"]
[Site "Kouty nad Desnou"]
[Date "2014.03.13"]
[Round "7"]
[White "Zachova, Tereza"]
[Black "Michalkova, Viktorie Nela"]
[Result "1-0"]
[WhiteElo "1059"]
[BlackElo "1100"]
[PlyCount "41"]
[EventDate "2014.03.08"]

1. e4 e5 2. Nf3 Nc6 3. Bc4 Nf6 4. Ng5 d5 5. exd5 Na5 6. Bb5+ c6 7. Ba4 b5 8.
Bb3 Nxb3 9. axb3 Qxd5 10. Nc3 Qxg2 11. Qf3 Qxg5 12. Qxc6+ Nd7 13. Qxa8 Nb6 14.
Qc6+ Bd7 15. Qc7 Na8 16. Qxa7 Qg2 17. Qb8+ Ke7 18. Qxe5+ Be6 19. Ra7+ Ke8 20.
Qb8+ Bc8 21. Qxc8# 1-0

[Event "MCR mladeze 2014, D10"]
[Site "Kouty nad Desnou"]
[Date "2014.03.13"]
[Round "7"]
[White "Ruzickova, Aneta"]
[Black "Muzikarova, Magdalena"]
[Result "1-0"]
[WhiteElo "1083"]
[BlackElo "1000"]
[PlyCount "39"]
[EventDate "2014.03.08"]

1. e4 e5 2. Nf3 Nf6 3. Nxe5 Nxe4 4. Qe2 Bb4 5. Qxe4 O-O 6.
Qxb4 Nc6 7. Nxc6 bxc6 8. Bd3 Qe8+ 9. Kd1 Qe6 10. Qh4 Re8 11. Qxh7+ Kf8 12. Qe4
Qe7 13. Nc3 Ba6 14. Bxa6 Rab8 15. Qxe7+ Rxe7 16. g4 Rbe8 17. Be2 Rxe2 18. Nxe2
Rxe2 19. Kxe2 Kg8 20. d4 1-0

[Event "MCR mladeze 2014, D10"]
[Site "Kouty nad Desnou"]
[Date "2014.03.14"]
[Round "8"]
[White "Vsetulova, Viktorie"]
[Black "Dvorakova, Olga"]
[Result "0-1"]
[WhiteElo "1241"]
[BlackElo "1245"]
[PlyCount "114"]
[EventDate "2014.??.??"]

1. e4 e5 2. Nf3 Nc6 3. Bc4 Be7 4. Nc3 Nf6 5. d3 d6 6. Be3 O-O 7. Qe2 Be6 8. Bb3
Qd7 9. Ba4 a6 10. d4 b5 11. Bxb5 axb5 12. d5 b4 13. dxc6 Qxc6 14. Qb5 Qxb5 15.
Nxb5 Bd8 16. Nd2 Bd7 17. c4 Ng4 18. a3 Nxe3 19. fxe3 f5 20. O-O fxe4 21. Rxf8+
Kxf8 22. Rf1+ Kg8 23. Nxe4 d5 24. Nc5 Bxb5 25. cxb5 bxa3 26. bxa3 Rxa3 27. Ne6
Bf6 28. Nxc7 Rxe3 29. Rb1 Bd8 30. Nxd5 Rd3 31. Nb4 Rd7 32. Nc6 Bb6+ 33. Nd4
exd4 34. Kf1 Kf7 35. Ke2 Ke6 36. Kd3 Kd5 37. Rb4 Kc5 38. Rb3 Re7 39. Rb2 Re3+
40. Kc2 Re2+ 41. Kb3 Rxb2+ 42. Kxb2 Kxb5 43. Kb3 Ba5 44. Kc2 Kc4 45. g4 g5 46.
h3 h6 47. Kd1 Kd3 48. Kc1 Ke2 49. Kc2 d3+ 50. Kc1 d2+ 51. Kc2 d1=Q+ 52. Kb2
Qd2+ 53. Kb3 Qc3+ 54. Ka2 Qb4 55. Ka1 Bb6 56. h4 Bd4+ 57. Ka2 Qb2# 0-1

[Event "MCR mladeze 2014, D10"]
[Site "Kouty nad Desnou"]
[Date "2014.03.14"]
[Round "8"]
[White "Vavrinkova, Anna"]
[Black "Maresova, Micheala"]
[Result "1-0"]
[WhiteElo "1284"]
[BlackElo "1202"]
[PlyCount "65"]
[EventDate "2014.??.??"]

1. e4 c5 2. c3 d5 3. exd5 Qxd5 4. d4 Nf6 5. h3 cxd4 6. cxd4 e6 7. Nc3 Qc6 8.
Bb5 Qxb5 9. Nxb5 Kd8 10. Nf3 Nc6 11. O-O Be7 12. Bf4 Bd7 13. Ng5 Rf8 14. Qd2 a6
15. Nc3 h6 16. Nge4 Nxe4 17. Nxe4 g5 18. Bd6 Bxd6 19. Nxd6 Ke7 20. Nxb7 Rab8
21. Nc5 Bc8 22. Rfe1 Rh8 23. d5 Nd8 24. Rad1 Rb6 25. d6+ Ke8 26. d7+ Bxd7 27.
Qxd7+ Kf8 28. Qxd8+ Kg7 29. Qxb6 Re8 30. Rd7 Rf8 31. Nxe6+ Kh8 32. Qd4+ Kh7 33.
Qg7# 1-0

[Event "MCR mladeze 2014, D10"]
[Site "Kouty nad Desnou"]
[Date "2014.03.14"]
[Round "8"]
[White "Lhotska, Anna"]
[Black "Stastna, Martina"]
[Result "0-1"]
[WhiteElo "1160"]
[BlackElo "1119"]
[PlyCount "122"]
[EventDate "2014.??.??"]

1. e4 e5 2. Nf3 Nc6 3. Bb5 d6 4. d3 Nf6 5. c3 a6 6. Ba4 b5 7. Bc2 Bg4 8. Nbd2
Be7 9. O-O O-O 10. h3 Bh5 11. Re1 h6 12. Nf1 Nh7 13. Ng3 Bxf3 14. Qxf3 Ng5 15.
Bxg5 Bxg5 16. Qg4 d5 17. Rad1 d4 18. Nf5 Qf6 19. h4 Bf4 20. g3 h5 21. Qxh5 Bh6
22. Nxh6+ Qxh6 23. Qxh6 gxh6 24. Bb3 Na5 25. Bd5 c6 26. Bb3 Nxb3 27. axb3 c5
28. f4 f6 29. Kf2 Kf7 30. Kf3 Ke6 31. Rg1 a5 32. Ra1 Kd6 33. g4 Kc6 34. g5 hxg5
35. hxg5 fxg5 36. Rxg5 Rxf4+ 37. Ke2 Rh4 38. Rg2 Rh3 39. Kd2 Rh6 40. Rf1 a4 41.
Ra1 Kb6 42. c4 Ka5 43. Kc2 Kb4 44. cxb5 axb3+ 45. Kd2 Rxa1 46. Ke2 Kxb5 47. Kf3
Rf6+ 48. Ke2 Rb1 49. Rg5 Rxb2+ 50. Ke1 Rh6 51. Rg1 Rb1+ 52. Kf2 Rxg1 53. Kxg1
b2 54. Kg2 b1=Q 55. Kg3 Qxd3+ 56. Kg2 Qxe4+ 57. Kf2 Rf6+ 58. Kg3 Qf3+ 59. Kh4
Qg2 60. Kh5 Rf8 61. Kh6 Rh8# 0-1

[Event "MCR mladeze 2014, D10"]
[Site "Kouty nad Desnou"]
[Date "2014.03.14"]
[Round "8"]
[White "Malkova, Adriana"]
[Black "Pisova, Petra"]
[Result "0-1"]
[WhiteElo "1309"]
[BlackElo "1233"]
[PlyCount "154"]
[EventDate "2014.??.??"]

1. e4 e5 2. Nf3 Nf6 3. Nxe5 d6 4. Nf3 Nxe4 5. Nc3 Nf6 6. d4 d5 7. Be2 h6 8. O-O
Nc6 9. Re1 Be7 10. Bf4 a6 11. Bd3 Bg4 12. Be2 O-O 13. h3 Bh5 14. Ne5 Bg6 15.
Nxg6 fxg6 16. Qd3 Kh7 17. h4 Nb4 18. Qd2 Ne4 19. Nxe4 dxe4 20. c3 Nd5 21. Bg3
Bxh4 22. Bc4 Nb6 23. Bb3 Qe7 24. Qe2 Bxg3 25. fxg3 Rae8 26. Bc2 Qg5 27. Qe3 Rf5
28. Qxg5 Rxg5 29. Bxe4 Rb8 30. Re3 Nc4 31. Re2 Rxg3 32. Rae1 c6 33. b3 Nd6 34.
c4 Nf7 35. d5 Ne5 36. d6 Rd8 37. Rd1 Rg4 38. c5 Rf4 39. b4 b5 40. cxb6 Rf7 41.
Rb2 Nc4 42. Re2 Nxb6 43. Bxc6 Rf6 44. d7 Rxc6 45. a4 Nxd7 46. Red2 Rc4 47. Rxd7
Rxd7 48. Rxd7 Rxb4 49. a5 Rb5 50. Rd1 Rxa5 51. Kf2 Rc5 52. Ra1 a5 53. Ra4 g5
54. Kf3 Kg6 55. g4 h5 56. Kg3 Rc3+ 57. Kf2 hxg4 58. Rxa5 Kh5 59. Ra7 g3+ 60.
Kg2 Kg4 61. Ra4+ Kh5 62. Ra7 Kh4 63. Ra4+ g4 64. Ra2 Rf3 65. Ra5 Rf2+ 66. Kg1
Rb2 67. Rc5 g2 68. Rc3 g3 69. Rxg3 Rb1+ 70. Kf2 Rf1+ 71. Kxg2 Rg1+ 72. Kxg1
Kxg3 73. Kh1 g5 74. Kg1 g4 75. Kh1 Kf2 76. Kh2 g3+ 77. Kh3 g2 0-1

[Event "MCR mladeze 2014, D10"]
[Site "Kouty nad Desnou"]
[Date "2014.03.14"]
[Round "8"]
[White "Fizerova, Lucie"]
[Black "Dudova, Pavlina"]
[Result "1-0"]
[WhiteElo "1160"]
[BlackElo "1047"]
[PlyCount "83"]
[EventDate "2014.03.08"]

1. e4 e5 2. Nf3 Nc6 3. Bb5 Nf6 4. O-O a6 5.
Ba4 b5 6. Bb3 Be7 7. Re1 O-O 8. c3 d6 9. d4 Bg4 10. Be3 exd4 11. cxd4 Na5 12.
Bc2 Nc4 13. b3 Nxe3 14. Rxe3 Re8 15. Nbd2 c5 16. dxc5 dxc5 17. Rd3 Qc7 18. h3
Bh5 19. Nf1 Bg6 20. Re3 Rad8 21. Qe2 Bd6 22. e5 Be7 23. exf6 gxf6 24. Re1 Qc6
25. Rxe7 Rxe7 26. Qxe7 Rf8 27. Bxg6 fxg6 28. Qe6+ Qxe6 29. Rxe6 c4 30. bxc4
bxc4 31. Rc6 a5 32. Rxc4 Ra8 33. Ne3 a4 34. Nd5 a3 35. Nxf6+ Kg7 36. Ng4 Rb8
37. Rc7+ Kf8 38. Ra7 Rb1+ 39. Kh2 h5 40. Nf6 Rb2 41. Ne5 Rxa2 42. Nxg6# 1-0

[Event "MCR mladeze 2014, D10"]
[Site "Kouty nad Desnou"]
[Date "2014.03.14"]
[Round "8"]
[White "Szuscikova, Natalie"]
[Black "Zachova, Tereza"]
[Result "1-0"]
[WhiteElo "1223"]
[BlackElo "1059"]
[PlyCount "35"]
[EventDate "2014.03.08"]

1. e4 e5 2. Nf3 Nc6 3. Bb5 Nf6 4. Nc3 Bc5 5. d3 d6 6. Bg5 Bg4 7. O-O Qd7 8. a4
O-O-O 9. a5 h6 10. Be3 g5 11. Bxc5 dxc5 12. a6 Bh3 13. axb7+ Kb8 14. Rxa7 Kxa7
15. Qa1+ Kxb7 16. Qa6+ Kb8 17. Ra1 Bxg2 18. Qa8# 1-0

[Event "MCR mladeze 2014, D10"]
[Site "Kouty nad Desnou"]
[Date "2014.03.14"]
[Round "8"]
[White "Ruzickova, Aneta"]
[Black "Korenova, Karolina"]
[Result "0-1"]
[WhiteElo "1083"]
[BlackElo "1256"]
[PlyCount "38"]
[EventDate "2014.03.08"]

1. e4 e5 2. Nf3 Nc6 3. Nc3 Nf6 4. Bb5 Nd4 5. d3 Bb4 6. O-O Bxc3 7. bxc3 Nxb5 8.
Nxe5 d6 9. Rb1 Nxc3 10. Qf3 Nxb1 11. Nc4 Nc3 12. Be3 Bg4 13. Qg3 Ne2+ 14. Kh1
Nxg3+ 15. fxg3 Qe7 16. Bg5 O-O 17. d4 h6 18. Bh4 g5 19. e5 Ne4 0-1

[Event "MCR mladeze 2014, D10"]
[Site "Kouty nad Desnou"]
[Date "2014.03.14"]
[Round "8"]
[White "Kovarova, Sasa"]
[Black "Ruzickova, Ema"]
[Result "0-1"]
[WhiteElo "1000"]
[BlackElo "1116"]
[PlyCount "48"]
[EventDate "2014.03.08"]

1. e4 e5 2. Nf3 Nc6 3. Bc4 Nf6 4. Ng5 d5 5.
exd5 b5 6. Bb3 Nd4 7. a4 Nxb3 8. cxb3 Qxd5 9. Qf3 e4 10. Qf4 Bd6 11. Nc3 Bxf4
12. Nxd5 Nxd5 13. Nxe4 Nb4 14. Nc5 Nc2+ 15. Ke2 Nxa1 16. Nd3 Bg5 17. Nc5 Be7
18. d4 Nc2 19. Kd3 Bf5+ 20. Kc3 O-O 21. Na6 Rfd8 22. axb5 Rxd4 23. Nxc7 Rc8 24.
b6 Bb4# 0-1

[Event "MCR mladeze 2014, D10"]
[Site "Kouty nad Desnou"]
[Date "2014.03.14"]
[Round "8"]
[White "Muzikarova, Magdalena"]
[Black "Garska, Lenka"]
[Result "1-0"]
[WhiteElo "1000"]
[BlackElo "1273"]
[PlyCount "41"]
[EventDate "2014.03.08"]

1. e4 e5 2. Nf3 Nc6 3. Nc3 Nf6 4. Bb5 d6 5. Bc4 Bg4 6. Qe2 Nd4 7. Qd3 Nxf3+ 8.
gxf3 Bd7 9. Bb5 Be7 10. Bxd7+ Nxd7 11. O-O O-O 12. Qb5 b6 13. d4 exd4 14. Nd5
Qc8 15. Nxe7+ Kh8 16. Nxc8 Raxc8 17. Qxd7 h6 18. Bf4 f6 19. Rad1 Rfd8 20. Qa4
a5 21. Rxd4 1-0

[Event "MCR mladeze 2014, D10"]
[Site "Kouty nad Desnou"]
[Date "2014.03.14"]
[Round "8"]
[White "Michalkova, Viktorie Nela"]
[Black "Habinova, Alice"]
[Result "0-1"]
[WhiteElo "1100"]
[BlackElo "1100"]
[PlyCount "54"]
[EventDate "2014.03.08"]

1. e4 c5 2. Nf3 d6 3. d4 cxd4 4. Nxd4 Nf6 5. Nc3 e6 6. Be2 Nc6
7. Be3 Be7 8. O-O O-O 9. f4 Bd7 10. Qe1 Qb6 11. Rb1 Nxd4 12. f5 Rac8 13. Rd1 e5
14. Qg3 h6 15. Bxh6 Nxe2+ 16. Kh1 Nxg3+ 17. hxg3 Qxb2 18. Bd2 Qxc2 19. Rf2 Rxc3
20. Rc1 Qxe4 21. Rxc3 Ng4 22. Rff3 Bxf5 23. Rf1 Bd7 24. Rfc1 Qh7+ 25. Kg1 Qh2+
26. Kf1 Bb5+ 27. Ke1 Qg1# 0-1

[Event "MCR mladeze 2014, D10"]
[Site "Kouty nad Desnou"]
[Date "2014.03.15"]
[Round "9"]
[White "Pisova, Petra"]
[Black "Dvorakova, Olga"]
[Result "1/2-1/2"]
[WhiteElo "1233"]
[BlackElo "1245"]
[PlyCount "84"]
[EventDate "2014.??.??"]

1. e4 e5 2. Nf3 Nc6 3. Nc3 Nf6 4. Bb5 a6 5. Bxc6 dxc6 6. Nxe5 Bd6 7. Nf3 Qe7 8.
d3 Bg4 9. O-O O-O 10. Bg5 Be5 11. Qe2 Qe6 12. Qe3 Nd7 13. Rfd1 f6 14. Bf4 Rad8
15. Rd2 Rfe8 16. d4 Bxf4 17. Qxf4 Bxf3 18. Qxf3 Nb6 19. b3 c5 20. Rad1 cxd4 21.
Rxd4 Rxd4 22. Rxd4 f5 23. h3 fxe4 24. Rxe4 Qf7 25. Rxe8+ Qxe8 26. Nd5 Qe1+ 27.
Kh2 Qe5+ 28. Kg1 Qxd5 29. Qe2 Kf7 30. c4 Qc6 31. Qh5+ Kg8 32. c5 Nd5 33. Qe2
Nf6 34. Qe7 Qd7 35. Qe2 Qe8 36. Qc4+ Kf8 37. Qb4 Qb5 38. Qd4 Qd7 39. Qb4 Qb5
40. Qd4 Qd7 41. Qb4 Qb5 42. Qd4 Qd7 1/2-1/2

[Event "MCR mladeze 2014, D10"]
[Site "Kouty nad Desnou"]
[Date "2014.03.15"]
[Round "9"]
[White "Fizerova, Lucie"]
[Black "Vavrinkova, Anna"]
[Result "0-1"]
[WhiteElo "1160"]
[BlackElo "1284"]
[PlyCount "68"]
[EventDate "2014.??.??"]

1. d4 d5 2. Nf3 Bf5 3. e3 Nf6 4. Be2 e6 5. O-O Bd6 6. c3 c6 7. Nbd2 O-O 8. Re1
Qc7 9. h3 Nbd7 10. Bf1 Rfe8 11. c4 h6 12. c5 Bf8 13. Nb3 b6 14. cxb6 axb6 15.
Bd3 Bxd3 16. Qxd3 c5 17. dxc5 bxc5 18. Qc2 e5 19. Nbd2 e4 20. Nd4 Qb6 21. N4b3
Qe6 22. Nf1 Qe5 23. Ng3 Qg5 24. Bd2 Ne5 25. Nxc5 Nh5 26. Kh2 Rac8 27. Qa4 Bxc5
28. Rac1 Nd3 29. Rc3 Bd6 30. Rxc8 Rxc8 31. Re2 Nxg3 32. fxg3 Qxg3+ 33. Kg1 Qh2+
34. Kf1 Qh1# 0-1

[Event "MCR mladeze 2014, D10"]
[Site "Kouty nad Desnou"]
[Date "2014.03.15"]
[Round "9"]
[White "Stastna, Martina"]
[Black "Maresova, Micheala"]
[Result "1/2-1/2"]
[WhiteElo "1119"]
[BlackElo "1202"]
[PlyCount "64"]
[EventDate "2014.??.??"]

1. e4 e5 2. Nf3 Nc6 3. Bc4 Nf6 4. d3 Bc5 5. Nc3 d6 6. Bg5 h6 7. Bh4 g5 8. Bg3
Bg4 9. h3 Bh5 10. Bh2 g4 11. Bg3 gxf3 12. gxf3 Qd7 13. Qd2 Bxf3 14. Rg1 Qxh3
15. Ne2 Rg8 16. O-O-O Rg7 17. Rge1 Nd4 18. Ng1 Qh5 19. Qa5 Bxd1 20. Rxd1 Rc8
21. Qa4+ c6 22. c3 b5 23. Qa6 Rc7 24. cxd4 Bxd4 25. Bb3 Ng4 26. Kb1 Bxf2 27.
Rc1 Bxg3 28. Rxc6 Rxc6 29. Qxc6+ Ke7 30. Qc7+ Kf6 31. Qxd6+ Kg5 32. Bd1 Qh1
1/2-1/2

[Event "MCR mladeze 2014, D10"]
[Site "Kouty nad Desnou"]
[Date "2014.03.15"]
[Round "9"]
[White "Malkova, Adriana"]
[Black "Szuscikova, Natalie"]
[Result "1-0"]
[WhiteElo "1309"]
[BlackElo "1223"]
[PlyCount "59"]
[EventDate "2014.??.??"]

1. e4 e5 2. Nf3 Nc6 3. d4 exd4 4. Bc4 d6 5. Nxd4 Be7 6. Nxc6 bxc6 7. O-O Nf6 8.
Nc3 O-O 9. Bf4 Be6 10. Bxe6 fxe6 11. Qe2 Nd7 12. Qg4 Rf6 13. Rfe1 e5 14. Bd2
Rb8 15. b3 d5 16. exd5 Bc5 17. Ne4 Rg6 18. Qh3 Bd4 19. c3 Bb6 20. Ng5 h6 21.
Nf3 cxd5 22. Nxe5 Nxe5 23. Rxe5 Qf6 24. Rf5 Qe6 25. Re1 Qc6 26. Re7 d4 27. Rf3
Rd6 28. Qf5 Rf6 29. Qe5 Rxf3 30. Qxg7# 1-0